載入...

Meteorology : understanding the atmosphere /

"The book begins with discussing the primary atmospheric variables involved in the formation of weather: pressure, temperature, moisture, clouds, and precipitation. These chapters include practical information such as weather maps and weather observation techniques, as well as the more conceptu...

全面介紹

書目詳細資料
主要作者: Ackerman, Steven A.
其他作者: Knox, John
格式: Printed Book
出版: NewYork Jones & Bartlett
版:Fourth edition.
主題:
LEADER 01305cam a2200205 i 4500
999 |c 214507  |d 214507 
020 |a 9781284030808 (pbk.) 
082 0 0 |a 551.5  |b ACK.M 
100 1 |a Ackerman, Steven A., 
245 1 0 |a Meteorology :  |b understanding the atmosphere /  |c Steven A. Ackerman, University of Wisconsin-Madison, John A. Knox, University of Georgia. 
250 |a Fourth edition. 
260 |a NewYork  |b Jones & Bartlett 
300 |a xxiv, 575 pages :  |b chiefly color illustrations, maps ; 
500 |a Includes index. 
520 |a "The book begins with discussing the primary atmospheric variables involved in the formation of weather: pressure, temperature, moisture, clouds, and precipitation. These chapters include practical information such as weather maps and weather observation techniques, as well as the more conceptual aspects of meteorology. The second half of the book focuses on weather and climate topics such as the interaction between atmosphere and ocean, severe/extreme weather, weather forecasting, and climate change"--Provided by publisher. 
650 0 |a Meteorology  |v Textbooks. 
650 0 |a Atmosphere  |v Textbooks. 
700 1 |a Knox, John, 
942 |c BK 
952 |0 0  |1 0  |4 0  |6 551_500000000000000_ACK_M  |7 0  |8 REF  |9 228294  |a GEO  |b GEO  |d 2019-11-29  |l 0  |o 551.5 ACK.M  |p GEO4530  |r 2019-11-29  |w 2019-11-29  |y BK